[Event "Oberliga Ost B 2016 2017"]
[Site "Germany"]
[Date "2016.10.16"]
[Round "1.1"]
[White "Wehner, Janis"]
[Black "Teske, Henrik"]
[Result "0-1"]
[WhiteElo "2210"]
[BlackElo "2487"]
[PlyCount "42"]
[EventDate "2016.10.16"]
[EventType "team-tourn"]
[EventCountry "GER"]
[WhiteTeam "Erfurt SV Medizin"]
[BlackTeam "Erfurt SV Empor"]
[WhiteTeamCountry "GER"]
[BlackTeamCountry "GER"]

1. e4 e5 2. Nf3 Nc6 3. Bb5 a6 4. Ba4 Nf6 5. d3 d6 6. c3 Be7 7. O-O O-O 8. Bxc6
bxc6 9. Re1 Re8 10. d4 exd4 11. cxd4 d5 12. Nc3 Nxe4 13. Nxe4 dxe4 14. Rxe4 c5
15. Re1 Bg4 16. dxc5 Qxd1 17. Rxd1 Bxc5 18. Kf1 Rab8 19. b3 Bd6 20. Rd3 Bxh2
21. g3 Bh3# 0-1

[Event "Oberliga Ost B 2016 2017"]
[Site "Germany"]
[Date "2016.10.16"]
[Round "1.2"]
[White "Langheinrich, Ferenc"]
[Black "Hausknecht, Matthias"]
[Result "1-0"]
[WhiteElo "2381"]
[BlackElo "2186"]
[PlyCount "43"]
[EventDate "2016.10.16"]
[EventType "team-tourn"]
[EventCountry "GER"]
[WhiteTeam "Erfurt SV Empor"]
[BlackTeam "Erfurt SV Medizin"]
[WhiteTeamCountry "GER"]
[BlackTeamCountry "GER"]

1. d4 d6 2. e4 g6 3. Nc3 Bg7 4. f4 Nc6 5. Be3 Nf6 6. Nf3 O-O 7. Be2 Bg4 8. e5
Ne8 9. h3 Bxf3 10. Bxf3 e6 11. O-O d5 12. g4 f5 13. gxf5 gxf5 14. Kh2 Kh8 15.
Rg1 Qh4 16. Ne2 Rd8 17. Rg5 h6 18. Rg6 Qe7 19. Qd2 Qf7 20. Bh5 Qg8 21. Rag1 Ne7
22. R6g2 1-0

[Event "Oberliga Ost B 2016 2017"]
[Site "Germany"]
[Date "2016.10.16"]
[Round "1.3"]
[White "Kirschbaum, Gunnar"]
[Black "Friedrich, Wiede"]
[Result "0-1"]
[WhiteElo "2141"]
[BlackElo "2302"]
[PlyCount "38"]
[EventDate "2016.10.16"]
[EventType "team-tourn"]
[EventCountry "GER"]
[WhiteTeam "Erfurt SV Medizin"]
[BlackTeam "Erfurt SV Empor"]
[WhiteTeamCountry "GER"]
[BlackTeamCountry "GER"]

1. d4 Nf6 2. c4 c6 3. Nc3 d5 4. e3 e6 5. Nf3 Nbd7 6. Bd3 dxc4 7. Bxc4 b5 8. Bb3
b4 9. Nb1 Ba6 10. Nbd2 Nb6 11. Ne5 Rc8 12. f3 Be7 13. Ndc4 O-O 14. Kf2 c5 15.
dxc5 Rxc5 16. Qxd8 Rxd8 17. Nxb6 axb6 18. f4 Ne4+ 19. Ke1 Bh4+ 0-1

[Event "Oberliga Ost B 2016 2017"]
[Site "Germany"]
[Date "2016.10.16"]
[Round "1.4"]
[White "Urban, Lars"]
[Black "Reichel, Norbert"]
[Result "1/2-1/2"]
[WhiteElo "2196"]
[BlackElo "2131"]
[PlyCount "40"]
[EventDate "2016.10.16"]
[EventType "team-tourn"]
[EventCountry "GER"]
[WhiteTeam "Erfurt SV Empor"]
[BlackTeam "Erfurt SV Medizin"]
[WhiteTeamCountry "GER"]
[BlackTeamCountry "GER"]

1. d4 Nf6 2. c4 g6 3. f3 e5 4. dxe5 Nh5 5. Nh3 Nc6 6. e4 Nxe5 7. f4 Bb4+ 8. Nc3
Bxc3+ 9. bxc3 Nc6 10. Qf3 d6 11. Bd3 Qh4+ 12. Nf2 O-O 13. O-O Nf6 14. Ba3 Re8
15. c5 dxc5 16. Bxc5 Qh5 17. Qxh5 Nxh5 18. g3 b6 19. Ba3 Bb7 20. Rad1 Rad8
1/2-1/2

[Event "Oberliga Ost B 2016 2017"]
[Site "Germany"]
[Date "2016.10.16"]
[Round "1.5"]
[White "Mueller Ludwig, Kristin"]
[Black "Michalowski, Peter"]
[Result "1/2-1/2"]
[WhiteElo "2078"]
[BlackElo "2058"]
[PlyCount "46"]
[EventDate "2016.10.16"]
[EventType "team-tourn"]
[EventCountry "GER"]
[WhiteTeam "Erfurt SV Medizin"]
[BlackTeam "Erfurt SV Empor"]
[WhiteTeamCountry "GER"]
[BlackTeamCountry "GER"]

1. e4 c5 2. Nf3 d6 3. d4 cxd4 4. Nxd4 Nf6 5. Nc3 a6 6. Be3 e5 7. Nf3 Be7 8. Bc4
O-O 9. O-O Be6 10. Bxe6 fxe6 11. Na4 Nfd7 12. Qd3 b5 13. Qb3 Kf7 14. c4 Qa5 15.
Nc3 b4 16. Na4 Nc6 17. Rfd1 Qc7 18. Rac1 Nc5 19. Bxc5 dxc5 20. Qe3 Nd4 21. Rd3
Kg8 22. Nxd4 exd4 23. Qg3 Qc6 1/2-1/2

[Event "Oberliga Ost B 2016 2017"]
[Site "Germany"]
[Date "2016.10.16"]
[Round "1.6"]
[White "Schmuck, Helmut"]
[Black "Jakob, Matthias"]
[Result "0-1"]
[WhiteElo "2143"]
[BlackElo "2068"]
[PlyCount "52"]
[EventDate "2016.10.16"]
[EventType "team-tourn"]
[EventCountry "GER"]
[WhiteTeam "Erfurt SV Empor"]
[BlackTeam "Erfurt SV Medizin"]
[WhiteTeamCountry "GER"]
[BlackTeamCountry "GER"]

1. d4 Nc6 2. c4 Nf6 3. Nc3 e5 4. d5 Ne7 5. Nf3 Ng6 6. h4 h5 7. Bg5 Bc5 8. e3 d6
9. Bd3 Ne7 10. Qc2 Ng4 11. Bxe7 Qxe7 12. Ng5 Rh6 13. O-O-O Bd7 14. Nce4 Bb6 15.
b4 f5 16. Nc3 e4 17. Bf1 O-O-O 18. Nh3 Qxh4 19. g3 Qe7 20. Ne2 Nxf2 21. Nxf2
Bxe3+ 22. Kb1 Bxf2 23. Qb3 g5 24. Bg2 Qe5 25. Qa3 Kb8 26. c5 f4 0-1

[Event "Oberliga Ost B 2016 2017"]
[Site "Germany"]
[Date "2016.10.16"]
[Round "1.7"]
[White "Zeuner, Ulrich"]
[Black "Pichl, Michael"]
[Result "1-0"]
[WhiteElo "2073"]
[BlackElo "2055"]
[PlyCount "61"]
[EventDate "2016.10.16"]
[EventType "team-tourn"]
[EventCountry "GER"]
[WhiteTeam "Erfurt SV Medizin"]
[BlackTeam "Erfurt SV Empor"]
[WhiteTeamCountry "GER"]
[BlackTeamCountry "GER"]

1. e4 c5 2. d4 cxd4 3. c3 d3 4. Bxd3 d6 5. h3 e6 6. c4 Nf6 7. Nc3 Be7 8. Nf3
O-O 9. Be3 Nc6 10. Rc1 b6 11. O-O Bb7 12. Qe2 Rc8 13. Bb1 Rc7 14. b3 Rd7 15.
Rcd1 Qa8 16. Bg5 Rfd8 17. Rd2 h6 18. Bf4 Qb8 19. Rfd1 Ne5 20. Nd4 Ng6 21. Bg3
a6 22. f4 e5 23. fxe5 dxe5 24. Nd5 Nf4 25. Nxe7+ Rxe7 26. Bxf4 exf4 27. Nc6
Rxd2 28. Nxe7+ Kf8 29. Qxd2 Kxe7 30. e5 Qxe5 31. Qd8+ 1-0

[Event "Oberliga Ost B 2016 2017"]
[Site "Germany"]
[Date "2016.10.16"]
[Round "1.8"]
[White "Nicolai, Tim"]
[Black "Nguyen, Ha Thanh"]
[Result "1-0"]
[WhiteElo "1851"]
[BlackElo "1704"]
[PlyCount "119"]
[EventDate "2016.10.16"]
[EventType "team-tourn"]
[EventCountry "GER"]
[WhiteTeam "Erfurt SV Empor"]
[BlackTeam "Erfurt SV Medizin"]
[WhiteTeamCountry "GER"]
[BlackTeamCountry "GER"]

1. e4 c5 2. Nc3 Nc6 3. f4 g6 4. Nf3 Bg7 5. Bc4 e6 6. O-O Nge7 7. Qe1 O-O 8. d3
d5 9. Bb3 a6 10. a4 f5 11. e5 b6 12. Ne2 Bd7 13. c3 Rb8 14. Qh4 Nc8 15. Qh3 Qc7
16. Ng5 h6 17. Nf3 Be8 18. d4 c4 19. Bc2 Qb7 20. g4 b5 21. gxf5 exf5 22. axb5
axb5 23. Kh1 Nd8 24. Rg1 Ne6 25. Nh4 Ne7 26. Bd2 Nc5 27. dxc5 d4+ 28. Rg2 d3
29. Nd4 dxc2 30. Kg1 Bf7 31. e6 Be8 32. Qg3 Kh7 33. Nxc2 Qd5 34. Qe3 Bf6 35.
Nf3 Rc8 36. Nfd4 Qxc5 37. Qg3 Qb6 38. Be3 Qc7 39. h4 Rb8 40. Nb4 Qb7 41. Ndc2
Ra8 42. Rd1 Qc8 43. Nd4 Rg8 44. Re2 Qb8 45. Qh2 Qb7 46. Rf1 Nc8 47. Ndc2 Nd6
48. Bd4 Bd8 49. Ne3 Ne4 50. Ned5 Bc6 51. e7 Bxd5 52. exd8=Q Rgxd8 53. Rd1 Bf7
54. Qh3 Qc7 55. Rf1 Ra5 56. Qe3 Rb8 57. Be5 Nd6 58. Rd1 Rd8 59. Red2 Re8 60.
Rxd6 1-0

[Event "Oberliga Ost B 2016 2017"]
[Site "Germany"]
[Date "2016.10.16"]
[Round "1.1"]
[White "De Visser, Leon"]
[Black "Lubbe, Nikolas"]
[Result "0-1"]
[WhiteElo "2258"]
[BlackElo "2500"]
[PlyCount "92"]
[EventDate "2016.10.16"]
[EventType "team-tourn"]
[EventCountry "GER"]
[WhiteTeam "Frankfurt SC Brett vorm Kopp"]
[BlackTeam "Neuberg SF"]
[WhiteTeamCountry "GER"]
[BlackTeamCountry "GER"]

1. c4 Nf6 2. g3 e6 3. Bg2 d5 4. Nf3 Be7 5. O-O O-O 6. b3 d4 7. Bb2 c5 8. e3 Nc6
9. exd4 cxd4 10. Re1 Re8 11. a3 a5 12. d3 Bf8 13. Ne5 Nxe5 14. Rxe5 Nd7 15. Rb5
Nc5 16. b4 axb4 17. axb4 Rxa1 18. Bxa1 Na6 19. Bxb7 Nc7 20. Bxc8 Nxb5 21. Bb7
Qb6 22. Bg2 Nc3 23. Nxc3 dxc3 24. Bxc3 Bxb4 25. Qa4 Rb8 26. Bxb4 Qxb4 27. Qxb4
Rxb4 28. Kf1 Rb2 29. Ke1 Kf8 30. c5 Ke7 31. h4 Rc2 32. c6 Kd6 33. Be4 f5 34.
Bf3 Ke5 35. Kd1 Rc3 36. Ke2 Kd4 37. g4 g6 38. gxf5 gxf5 39. h5 h6 40. Bg2 Rxd3
41. f4 Rc3 42. Kd2 Ra3 43. Ke2 Ra2+ 44. Kf3 Rc2 45. Kg3 Ke3 46. Bf3 Rc4 0-1

[Event "Oberliga Ost B 2016 2017"]
[Site "Germany"]
[Date "2016.10.16"]
[Round "1.5"]
[White "Kues, Jarl Hendrik"]
[Black "Seifert, Christopher"]
[Result "1/2-1/2"]
[WhiteElo "2136"]
[BlackElo "2294"]
[PlyCount "60"]
[EventDate "2016.10.16"]
[EventType "team-tourn"]
[EventCountry "GER"]
[WhiteTeam "Frankfurt SC Brett vorm Kopp"]
[BlackTeam "Neuberg SF"]
[WhiteTeamCountry "GER"]
[BlackTeamCountry "GER"]

1. d4 Nf6 2. Nf3 c5 3. c3 b6 4. Bf4 Bb7 5. e3 Nh5 6. Bg5 h6 7. Bh4 g5 8. Ne5
Nf6 9. Bg3 Bg7 10. Nd2 d6 11. Qa4+ Kf8 12. Nef3 Nh5 13. dxc5 bxc5 14. e4 Qc8
15. Be2 Nd7 16. O-O Bf6 17. Ne1 Nf4 18. Bxf4 gxf4 19. Bg4 Bc6 20. Qc2 Rg8 21.
Bh3 Qb7 22. f3 Ne5 23. Nd3 Nxd3 24. Qxd3 Bb5 25. c4 Bc6 26. Rab1 Be5 27. Nb3
Qb6 28. Nc1 e6 29. Ne2 Rg6 30. Kh1 Ke7 1/2-1/2

[Event "Oberliga Ost B 2016 2017"]
[Site "Germany"]
[Date "2016.10.16"]
[Round "1.6"]
[White "Lutz, Klaus Juergen"]
[Black "Barpiyeva, Gulsana"]
[Result "1/2-1/2"]
[WhiteElo "2277"]
[BlackElo "2086"]
[PlyCount "135"]
[EventDate "2016.10.16"]
[EventType "team-tourn"]
[EventCountry "GER"]
[WhiteTeam "Neuberg SF"]
[BlackTeam "Frankfurt SC Brett vorm Kopp"]
[WhiteTeamCountry "GER"]
[BlackTeamCountry "GER"]

1. e4 c5 2. a3 e6 3. b4 d6 4. Bb2 Nf6 5. Nc3 Be7 6. Nf3 O-O 7. d4 cxd4 8. Nxd4
Nc6 9. Nxc6 bxc6 10. Qf3 e5 11. Bc4 Be6 12. Bxe6 fxe6 13. Qh3 Qd7 14. O-O Rab8
15. Rab1 Rf7 16. Qd3 Bf8 17. Ne2 Qc7 18. c4 d5 19. Ng3 d4 20. c5 a5 21. Bc1
axb4 22. axb4 Nd7 23. Bd2 Be7 24. Qc4 Nf8 25. Ne2 Bf6 26. Nc1 Ra8 27. Nd3 g6
28. Ra1 Rxa1 29. Rxa1 Qb8 30. g3 Ra7 31. Ra6 Qa8 32. Rxa7 Qxa7 33. Nc1 Qa8 34.
Qa2 Qb7 35. Qa4 Nd7 36. Nd3 Kf7 37. Qa5 Qb5 38. Qxb5 cxb5 39. f4 exf4 40. gxf4
Nb8 41. e5 Bh4 42. Kg2 Nc6 43. Kf3 Ke8 44. Ke4 Kd7 45. Kf3 Ke8 46. Kg4 Bd8 47.
Be1 Kf7 48. Kf3 g5 49. Bf2 gxf4 50. Kxf4 h6 51. Ke4 Bg5 52. Bxd4 Bd2 53. Be3
Bxb4 54. Nxb4 Nxb4 55. Bxh6 Kg6 56. Bd2 Nc6 57. Bc3 Kh5 58. Kf4 Kh4 59. Ba1 Nb4
60. Bd4 Nc6 61. Bc3 Ne7 62. Be1+ Kh5 63. h3 Nc6 64. Ke4 Kg5 65. Bg3 Ne7 66. Bf2
Nc6 67. Be1 Ne7 68. Bf2 1/2-1/2

[Event "Oberliga Ost B 2016 2017"]
[Site "Germany"]
[Date "2016.10.16"]
[Round "1.7"]
[White "Waffenschmidt, Joachim"]
[Black "Schaffer, Hendrik"]
[Result "1/2-1/2"]
[WhiteElo "2038"]
[BlackElo "2267"]
[PlyCount "41"]
[EventDate "2016.10.16"]
[EventType "team-tourn"]
[EventCountry "GER"]
[WhiteTeam "Frankfurt SC Brett vorm Kopp"]
[BlackTeam "Neuberg SF"]
[WhiteTeamCountry "GER"]
[BlackTeamCountry "GER"]

1. d4 Nf6 2. c4 g6 3. Nc3 Bg7 4. e4 d6 5. Nf3 O-O 6. Be2 e5 7. O-O Na6 8. Be3
Ng4 9. Bg5 Qe8 10. d5 f6 11. Bd2 f5 12. Ne1 Nf6 13. f3 f4 14. g4 fxg3 15. hxg3
Qd7 16. Rf2 Nh5 17. Rg2 Qe7 18. Nd3 Bh3 19. Rh2 Bd7 20. Kg2 c5 21. Qc1 1/2-1/2

[Event "Oberliga Ost B 2016 2017"]
[Site "Germany"]
[Date "2016.10.16"]
[Round "1.8"]
[White "Hankel, Dennis"]
[Black "Goebel, Andreas"]
[Result "1-0"]
[WhiteElo "2128"]
[BlackElo "1980"]
[PlyCount "67"]
[EventDate "2016.10.16"]
[EventType "team-tourn"]
[EventCountry "GER"]
[WhiteTeam "Neuberg SF"]
[BlackTeam "Frankfurt SC Brett vorm Kopp"]
[WhiteTeamCountry "GER"]
[BlackTeamCountry "GER"]

1. e4 c6 2. d4 d5 3. Nc3 dxe4 4. Nxe4 Bf5 5. Ng3 Bg6 6. h4 h6 7. Nf3 Nd7 8. h5
Bh7 9. Bd3 Bxd3 10. Qxd3 e6 11. Bd2 Ngf6 12. O-O-O Qc7 13. Ne4 O-O-O 14. g3
Nxe4 15. Qxe4 Nf6 16. Qe2 Bd6 17. c4 Rhe8 18. c5 Bf8 19. Bf4 Qa5 20. Kb1 Nd5
21. Ne5 Nxf4 22. gxf4 Qc7 23. Rh3 Rd5 24. Ra3 Kb8 25. Rdd3 Red8 26. Qd1 f6 27.
Ng6 a6 28. Qe2 Qd7 29. Nxf8 Rxf8 30. Ra4 Rd8 31. a3 e5 32. fxe5 fxe5 33. Rb3
exd4 34. Qxa6 1-0

[Event "Oberliga Ost B 2016 2017"]
[Site "Germany"]
[Date "2016.10.16"]
[Round "1.1"]
[White "Zimmermann, Hendrik"]
[Black "Keller, Peter"]
[Result "1/2-1/2"]
[WhiteElo "2157"]
[BlackElo "2285"]
[PlyCount "41"]
[EventDate "2016.10.16"]
[EventType "team-tourn"]
[EventCountry "GER"]
[WhiteTeam "Frankfurt SC Koenig Nied"]
[BlackTeam "Frankfurter TV"]
[WhiteTeamCountry "GER"]
[BlackTeamCountry "GER"]

1. d4 d5 2. c4 c6 3. cxd5 cxd5 4. Nc3 Nf6 5. Bf4 Nc6 6. e3 Bf5 7. Qb3 Na5 8.
Qa4+ Bd7 9. Qc2 e6 10. Nf3 Be7 11. Bd3 Rc8 12. O-O O-O 13. Ne5 b5 14. a3 Nc4
15. Rfc1 h6 16. Qe2 Qb6 17. Bg3 Rfd8 18. Bh4 Qd6 19. Bg3 Qb6 20. Bh4 Qd6 21.
Bg3 1/2-1/2

[Event "Oberliga Ost B 2016 2017"]
[Site "Germany"]
[Date "2016.10.16"]
[Round "1.2"]
[White "Telljohann, Sven"]
[Black "Uwira, Oliver"]
[Result "1-0"]
[WhiteElo "2409"]
[BlackElo "2254"]
[PlyCount "69"]
[EventDate "2016.10.16"]
[EventType "team-tourn"]
[EventCountry "GER"]
[WhiteTeam "Frankfurter TV"]
[BlackTeam "Frankfurt SC Koenig Nied"]
[WhiteTeamCountry "GER"]
[BlackTeamCountry "GER"]

1. Nf3 f5 2. d4 Nf6 3. g3 e6 4. Bg2 Be7 5. O-O O-O 6. Ne1 d6 7. Nd3 Qe8 8. c3
Kh8 9. Nd2 Nc6 10. e4 e5 11. dxe5 dxe5 12. Qe2 Bd6 13. b4 fxe4 14. Nxe4 Bg4 15.
Qe1 Nxe4 16. Qxe4 Bf5 17. Qe3 e4 18. Nc5 Be5 19. Rb1 b6 20. Nxe4 Qg6 21. Ba3
Rae8 22. b5 Bd6 23. Nxd6 cxd6 24. bxc6 Bxb1 25. Qd4 Be4 26. Bxe4 Rxe4 27. Qxd6
Qxd6 28. Bxd6 Rc8 29. c7 Kg8 30. Rd1 Kf7 31. Kg2 Re6 32. h4 g6 33. Kf3 Ke8 34.
Bf4 Re7 35. Rd8+ 1-0

[Event "Oberliga Ost B 2016 2017"]
[Site "Germany"]
[Date "2016.10.16"]
[Round "1.4"]
[White "Rutkowski, Ingo"]
[Black "Chandler, Patrick"]
[Result "1/2-1/2"]
[WhiteElo "2168"]
[BlackElo "2154"]
[PlyCount "98"]
[EventDate "2016.10.16"]
[EventType "team-tourn"]
[EventCountry "GER"]
[WhiteTeam "Frankfurter TV"]
[BlackTeam "Frankfurt SC Koenig Nied"]
[WhiteTeamCountry "GER"]
[BlackTeamCountry "GER"]

1. e4 c5 2. Nf3 d6 3. d4 cxd4 4. Nxd4 Nf6 5. Nc3 a6 6. Be2 e5 7. Nb3 Be6 8. O-O
Nc6 9. f4 Be7 10. Kh1 Qc7 11. Nd5 Bxd5 12. exd5 Nb8 13. c4 Nbd7 14. Be3 b6 15.
Qd3 O-O 16. Rad1 Rfe8 17. Qf5 g6 18. Qh3 exf4 19. Rxf4 Bf8 20. Rdf1 Rxe3 21.
Qxe3 Bh6 22. Qf2 Bxf4 23. Qxf4 Re8 24. Bd3 Ne5 25. Qxf6 Nxd3 26. Nd4 Qe7 27.
Qf3 Ne5 28. Qf4 Qc7 29. b3 Qd7 30. h3 b5 31. cxb5 axb5 32. Nc6 Nd3 33. Qd4 Nc5
34. Qf4 f5 35. Qd4 Qg7 36. Rc1 Qxd4 37. Nxd4 b4 38. Nb5 Re5 39. Rd1 Ne4 40. Rd4
f4 41. Kg1 Ng3 42. Kf2 g5 43. Nxd6 Re2+ 44. Kf3 Kg7 45. Nc4 Re1 46. Rd2 Kf6 47.
d6 h5 48. d7 Rf1+ 49. Rf2 Rd1 1/2-1/2

[Event "Oberliga Ost B 2016 2017"]
[Site "Germany"]
[Date "2016.10.16"]
[Round "1.5"]
[White "Prenzler, Daniel"]
[Black "Neininger, Ralph"]
[Result "1-0"]
[WhiteElo "2237"]
[BlackElo "2125"]
[PlyCount "73"]
[EventDate "2016.10.16"]
[EventType "team-tourn"]
[EventCountry "GER"]
[WhiteTeam "Frankfurt SC Koenig Nied"]
[BlackTeam "Frankfurter TV"]
[WhiteTeamCountry "GER"]
[BlackTeamCountry "GER"]

1. e4 c6 2. d4 d5 3. Nd2 dxe4 4. Nxe4 Bf5 5. Ng3 Bg6 6. h4 h6 7. h5 Bh7 8. Nf3
Nd7 9. Bd3 Bxd3 10. Qxd3 e6 11. Bf4 Qa5+ 12. Bd2 Qc7 13. O-O-O O-O-O 14. Ne4
Ngf6 15. g3 Nxe4 16. Qxe4 Bd6 17. c4 Nf6 18. Qc2 c5 19. d5 exd5 20. cxd5 Ng4
21. Bc3 f6 22. Rhe1 Rhe8 23. Re6 Rxe6 24. dxe6 Ne5 25. Bxe5 Bxe5 26. Rxd8+ Kxd8
27. Qh7 Qe7 28. Qg8+ Kc7 29. Nh4 c4 30. Qf7 Kd8 31. Nf5 Bxb2+ 32. Kxb2 Qb4+ 33.
Kc2 Qa4+ 34. Kd2 Qxa2+ 35. Ke3 Qa3+ 36. Kf4 Qc1+ 37. Ne3 1-0

[Event "Oberliga Ost B 2016 2017"]
[Site "Germany"]
[Date "2016.10.16"]
[Round "1.7"]
[White "Perlitz, Sven"]
[Black "Du Maire, Jerome"]
[Result "1/2-1/2"]
[WhiteElo "2065"]
[BlackElo "2169"]
[PlyCount "53"]
[EventDate "2016.10.16"]
[EventType "team-tourn"]
[EventCountry "GER"]
[WhiteTeam "Frankfurt SC Koenig Nied"]
[BlackTeam "Frankfurter TV"]
[WhiteTeamCountry "GER"]
[BlackTeamCountry "GER"]

1. e4 e6 2. d4 d5 3. Nd2 Nc6 4. Ngf3 Nf6 5. e5 Nd7 6. Be2 f6 7. exf6 Qxf6 8.
Nf1 Bd6 9. Ne3 O-O 10. O-O Qg6 11. c4 Nf6 12. c5 Bf4 13. Nc2 Bxc1 14. Rxc1 a6
15. Nce1 Re8 16. Nd3 Nd7 17. Nfe5 Ncxe5 18. Nxe5 Qf6 19. f4 Nxe5 20. fxe5 Qe7
21. Rc3 Bd7 22. a4 Rf8 23. Rcf3 Rxf3 24. Rxf3 Rf8 25. b3 Rxf3 26. Bxf3 Qg5 27.
Qe1 1/2-1/2

[Event "Oberliga Ost B 2016 2017"]
[Site "Germany"]
[Date "2016.10.16"]
[Round "1.8"]
[White "Krzesinski, Paul"]
[Black "Bittner, Peter"]
[Result "1-0"]
[WhiteElo "2046"]
[BlackElo "1887"]
[PlyCount "165"]
[EventDate "2016.10.16"]
[EventType "team-tourn"]
[EventCountry "GER"]
[WhiteTeam "Frankfurter TV"]
[BlackTeam "Frankfurt SC Koenig Nied"]
[WhiteTeamCountry "GER"]
[BlackTeamCountry "GER"]

1. e4 e5 2. Nf3 Nc6 3. Bc4 Be7 4. O-O Nf6 5. d3 d6 6. Bb3 Bg4 7. c3 O-O 8. Nbd2
Nd7 9. h3 Bh5 10. g4 Bg6 11. Nc4 Nc5 12. Ne3 Nxb3 13. Qxb3 b6 14. Nd5 Na5 15.
Qa4 c6 16. Ne3 b5 17. Qc2 Nb7 18. b4 a5 19. Bb2 Qd7 20. a3 Nd8 21. d4 f6 22.
Rad1 Qc8 23. Nh4 Bf7 24. Nhf5 Re8 25. d5 c5 26. c4 axb4 27. axb4 cxb4 28. Ra1
Nb7 29. Rxa8 Qxa8 30. Ra1 Qb8 31. cxb5 Nc5 32. Qc4 Bf8 33. Qxb4 g6 34. Ng3 Rc8
35. Nc4 Nd3 36. Qb3 Nc5 37. Qb4 Nd3 38. Qa4 Nxb2 39. Nxb2 Be8 40. Kg2 Qxb5 41.
Qxb5 Bxb5 42. Rb1 Bh6 43. Nd1 Ba4 44. Ra1 Bc2 45. Ne3 Bd3 46. Kf3 Bf8 47. Ra3
Bb5 48. Rb3 Ba6 49. h4 Be7 50. Rb6 Bd3 51. Rb7 Kf8 52. h5 Ke8 53. Rb3 Ba6 54.
Ng2 Kf7 55. Ra3 Ra8 56. Rc3 Rc8 57. Ra3 Ra8 58. Rb3 Rc8 59. Nh4 f5 60. hxg6+
hxg6 61. Ng2 f4 62. Ne2 Rc2 63. Nc3 Rc1 64. Nb5 Rh1 65. Ke2 Rh2 66. Ne1 Bc8 67.
Nc2 Bxg4+ 68. Kf1 Rh1+ 69. Kg2 Rc1 70. Nb4 Be2 71. Nc6 f3+ 72. Kh3 Rh1+ 73. Kg3
Bh4+ 74. Kg4 Bxf2 75. Nxd6+ Kg7 76. Rb7+ Kg8 77. Ne7+ Kg7 78. Nef5+ Kh8 79.
Rb8+ Kh7 80. Rb7+ Kh8 81. Nf7+ Kg8 82. N7h6+ Kf8 83. Rb8# 1-0

[Event "Oberliga Ost B 2016 2017"]
[Site "Germany"]
[Date "2016.10.16"]
[Round "1.1"]
[White "Strache, Michael"]
[Black "Rafiee, Makan"]
[Result "1-0"]
[WhiteElo "2310"]
[BlackElo "2318"]
[PlyCount "119"]
[EventDate "2016.10.16"]
[EventType "team-tourn"]
[EventCountry "GER"]
[WhiteTeam "Sangerhausen SV"]
[BlackTeam "Kasseler SK"]
[WhiteTeamCountry "GER"]
[BlackTeamCountry "GER"]

1. e4 e5 2. Nf3 Nc6 3. Bb5 a6 4. Bxc6 dxc6 5. O-O Bg4 6. h3 Bh5 7. g4 Bg6 8.
Nxe5 Qh4 9. Qf3 f6 10. Nxg6 hxg6 11. Kg2 Bd6 12. d3 g5 13. Na3 Ne7 14. Rh1 Ng6
15. Nc4 Bf4 16. Ne3 O-O-O 17. Kg1 Qh7 18. Ng2 Bd6 19. Be3 Kb8 20. Kf1 Qg8 21.
b3 Qf8 22. a4 Be5 23. Rd1 Qb4 24. Qf5 Nf8 25. Bd2 Qc5 26. Ne3 g6 27. Qf3 Ne6
28. Rb1 b5 29. b4 Qe7 30. axb5 axb5 31. Ng2 Kb7 32. Be3 Ra8 33. c4 Rhd8 34. Ne1
Ra4 35. cxb5 cxb5 36. d4 Nxd4 37. Bxd4 Rxd4 38. Nd3 Kc8 39. Rb3 Qe6 40. Nc5
Qc4+ 41. Kg2 Ra2 42. Ra3 Rdd2 43. Rxa2 Rxa2 44. Nd3 Qd4 45. Nxe5 fxe5 46. Rc1
Kb7 47. Rc5 Qxb4 48. Rxe5 Ra3 49. Rxb5+ Qxb5 50. Qxa3 c5 51. Kf3 Qf1 52. Qxc5
Qxh3+ 53. Ke2 Qxg4+ 54. Kd3 Qf3+ 55. Qe3 Qd1+ 56. Kc4 Qa4+ 57. Kd5 Qd7+ 58. Kc5
Qe7+ 59. Kc4 Kc6 60. Qd4 1-0

[Event "Oberliga Ost B 2016 2017"]
[Site "Germany"]
[Date "2016.10.16"]
[Round "1.2"]
[White "Grafl, Florian"]
[Black "Heyder, Florian"]
[Result "1-0"]
[WhiteElo "2396"]
[BlackElo "2161"]
[PlyCount "39"]
[EventDate "2016.10.16"]
[EventType "team-tourn"]
[EventCountry "GER"]
[WhiteTeam "Kasseler SK"]
[BlackTeam "Sangerhausen SV"]
[WhiteTeamCountry "GER"]
[BlackTeamCountry "GER"]

1. d4 f5 2. Nc3 Nf6 3. Bg5 e6 4. e4 fxe4 5. Nxe4 Be7 6. Bxf6 Bxf6 7. Nf3 O-O 8.
Bd3 Nc6 9. c3 d6 10. Qb3 d5 11. Nxf6+ Qxf6 12. O-O Rb8 13. Rae1 Bd7 14. Re3 b5
15. Qc2 h6 16. b4 Ne7 17. Ne5 Be8 18. Rf3 Nf5 19. g4 Qg5 20. Kh1 1-0

[Event "Oberliga Ost B 2016 2017"]
[Site "Germany"]
[Date "2016.10.16"]
[Round "1.3"]
[White "Richter, Dustin"]
[Black "Hahn, Markus"]
[Result "0-1"]
[WhiteElo "2130"]
[BlackElo "2333"]
[PlyCount "58"]
[EventDate "2016.10.16"]
[EventType "team-tourn"]
[EventCountry "GER"]
[WhiteTeam "Sangerhausen SV"]
[BlackTeam "Kasseler SK"]
[WhiteTeamCountry "GER"]
[BlackTeamCountry "GER"]

1. e4 c5 2. Nf3 e6 3. d4 cxd4 4. Nxd4 a6 5. Bd3 Nf6 6. O-O d6 7. Qe2 Be7 8. c4
b6 9. Nc3 Bb7 10. Bd2 O-O 11. f4 Nbd7 12. f5 e5 13. Nc2 Nc5 14. b4 Nxd3 15.
Qxd3 b5 16. cxb5 axb5 17. Rfe1 Qb6+ 18. Be3 Qc6 19. Bg5 Rfc8 20. Bxf6 Qxc3 21.
Qxc3 Rxc3 22. Bxe7 Rxc2 23. Bxd6 f6 24. Re3 Rd8 25. Bc5 Rdd2 26. Rg3 Bxe4 27.
Be3 Rxg2+ 28. Kf1 Bd3+ 29. Ke1 Rce2+ 0-1

[Event "Oberliga Ost B 2016 2017"]
[Site "Germany"]
[Date "2016.10.16"]
[Round "1.4"]
[White "Humburg, Philipp"]
[Black "Engelmann, Jakob"]
[Result "1-0"]
[WhiteElo "2212"]
[BlackElo "2256"]
[PlyCount "105"]
[EventDate "2016.10.16"]
[EventType "team-tourn"]
[EventCountry "GER"]
[WhiteTeam "Kasseler SK"]
[BlackTeam "Sangerhausen SV"]
[WhiteTeamCountry "GER"]
[BlackTeamCountry "GER"]

1. c4 c6 2. Nf3 d5 3. d4 Nf6 4. Nc3 a6 5. e3 b5 6. b3 Bg4 7. Be2 e6 8. O-O Nbd7
9. h3 Bh5 10. Bd2 Bd6 11. Ne1 Bg6 12. c5 Bc7 13. f4 Ne4 14. Nd3 Ng3 15. Rf3
Nxe2+ 16. Qxe2 Bxd3 17. Qxd3 f5 18. Be1 O-O 19. Qe2 g5 20. Rg3 h6 21. Qh5 Qf6
22. fxg5 Qf7 23. Qxh6 Bxg3 24. Bxg3 Rfe8 25. Rf1 Qh7 26. Qxh7+ Kxh7 27. Be5 a5
28. h4 b4 29. Na4 Ra7 30. Nb6 Nxe5 31. dxe5 Kg6 32. Rf4 Kh5 33. Kh2 Rb8 34. Na4
Re8 35. Kh3 Rf8 36. Nb2 Re7 37. Nd3 Kg6 38. Rd4 Rb8 39. Nf4+ Kg7 40. h5 Rb5 41.
h6+ Kh7 42. Nd3 Ra7 43. Kh4 a4 44. Kh5 axb3 45. g6+ Kh8 46. axb3 Ra2 47. Nf4
Rb2 48. h7 Rxb3 49. Kh6 Rb7 50. Nxe6 Rb1 51. g7+ Rxg7 52. Nxg7 Rh1+ 53. Nh5 1-0